00155 a2200073 45000010005000001000018000052450040000232600018000631001 aHuxley,L.G.H. aPrinciples & practice of wave guide abCambridgec